Science Quiz

Random Science or Clickable Quiz

Nobelium Facts Quiz Stats

 Plays Quiz not verified by Sporcle

Support Sporcle.
Go Orange.
Score 0/12 Timer 05:00
0 Plays Today
% Correct
???
100%
???
90.9%
???
90.9%
???
90.9%
???
90.9%
???
90.9%
???
90.9%
???
90.9%
???
90.9%
???
90.9%
???
81.8%
???
72.7%

You're not logged in!

Compare scores with friends on all Sporcle quizzes.
OR
Log In

From the Vault

Find the Albums!

by Rackie

Good thing none of these albums shattered when they hit the ground.
Remove Ads.
Support Sporcle.
Get the best of Sporcle when you Go Orange. This ad-free experience offers more features, more stats, and more fun while also helping to support Sporcle. Thank you for becoming a member.

Show Comments

Extras

Created Feb 9, 2018ReportNominate
Tags:Clickable Quiz

Top Quizzes Today


Score Distribution

Your Account Isn't Verified!

In order to create a playlist on Sporcle, you need to verify the email address you used during registration. Go to your Sporcle Settings to finish the process.

Report this User

Report this user for behavior that violates our Community Guidelines.

Details: